| 000 | 00000nam##2200000za#4500 |
| 001 | 9.641606 |
| 003 | CaOODSP |
| 005 | 20210624223311 |
| 007 | cr ||||||||||| |
| 008 | 150407|2008||||xxc|||||o f|0| 0 fre|d |
| 040 | |aCaOODSP|bfre |
| 043 | |an-cn--- |
| 086 | 1 |aH14-80/2008F-PDF |
| 110 | 1 |aCanada. |bSanté Canada. |
| 245 | 10|aVérification du processus d'assurance de la qualité en ce qui concerne la vérification des bénéficiaires de la Direction générale de santé environnementale et de la sécurité des consommateurs : |h[ressource électronique]|brapport de vérification final / |c[par] Bureau de la vérification et de la responsabilisation. |
| 260 | |aOttawa - Ontario : |bSanté Canada |cAvril 2008. |
| 300 | |a14p.|btableau |
| 590 | |a13-10-Supp|b2013-04-13 |
| 691 | 07|aQualité des soins de santé|2gcpds |
| 691 | 07|aVérification|2gcpds |
| 775 | 08|tAudit of the Healthy Environments and Consumer Safety Branch's quality assurance process related to recipient auditing : |w(CaOODSP)9.697565 |
| 856 | 40|ahttp://publications.gc.ca|qPDF|s59 Ko|uhttps://publications.gc.ca/collections/collection_2013/sc-hc/H14-80-2008-fra.pdf |